02303nam a2200385 4500003000900000005001700009007000300026008003600029040003100065082002300096110004300119245021700162250001100379264008000390300005500470336002700525337003300552338002800585500007300613505075200686590002601438650005101464650004201515650000601557700003601563700001801599700001801617700004601635700003401681710000901715910004101724942001201765952012301777999001701900DO-SdBPM20250912072048.0ta220405b2017 dr c ||| 00| 0 spa d aDO-SdBPMbspacBPMSU drda 4a709.7293bT7952222 aCentro Cultural Eduardo León Jimenes10aTrenzando una historia en curso :barte dominicano contemporáneo en el contexto del Caribe /cMaría Amalia León de Jorge, Lisa K. Erf, Yolanda Wood ; tradución Giselle Rodríguez del Cid, Cecilia León. a2a ed. aSantiago de los Caballeros, República Dominicana :bCentro León,c2017. a310 págianas :bilustración, retrato ;c29 cm. atextobtxt2rdacontent asin mediaciónbn2rdamedia avolumenbnc2rdacarrier aIncluye referencias bibliográficas y notas al pie de las páginas0 aArte contemporáneo dominicano: la reinvención del tiempo que somos / María Amalia León de Jorge, 9.-- Una celebración de la historia y el arte contemporáneo en el Caribe / Lisa K. Erf, 17.-- Precedencias artísticas dominicanas: legado crítico a la contemporaneidad / Yolanda Wood, 21.-- El arte tiene un presente / Sara Hermann, 69.-- El arte contemporáneo de República Dominicana en el contexto artístico del Gran Caribe / Michèle Dalmace, 117.-- Arte desde Saint-Domingue ecos diaspóricos en el ¨continente de la conciencia negra¨ / Alanna Lockward, 181.-- Iceberg a la vista, en el mar del Caribe / Jorge Pineda, 239.-- Performing and ongoning history: contemporary dominican art in the context of the Caribbean, 246 aInventariado, 2025/VM 7a Arte contemporáneo zRepública Dominicana 7aArte moderno zRepública dominicana 7a 1 aLeón Jorge, María Amalia de1 aErf, Luisa K.1 aWood, Yolanda1 aRodríguez Cid, Giselle del,etraductor 1 aLeón, Cecilia,etraductora  4 a  aVMateo V. Control de calidad. BPMSU  2ddccBK 00102ddc708CDaBPMETbBPMETd2025-09-12l0oBPMSU CD 709.7293 T795u 2017pBPMSU25090045r2025-09-12w2025-09-12yBK c15385d15385